| 000 | 01507cam a2200349 a 4500 | ||
|---|---|---|---|
| 001 | 115552 | ||
| 005 | 20230410103933.0 | ||
| 008 | 120613s2011 mx b 000 0 spa | ||
| 035 | _a17344626 | ||
| 010 | _a 2012439831 | ||
| 020 | _a9786074622959 | ||
| 040 |
_aDLC _cDLC _dDLC |
||
| 042 | _apcc | ||
| 043 | _af-ua--- | ||
| 050 | 1 | 4 |
_a513 DT 107.825 _bC346e 2011 |
| 082 | 0 | 0 | _a962.05 |
| 100 | 1 | _aCastañeda, José Carlos | |
| 245 | 1 | 0 |
_aEgipto contemporáneo : _beconomía, política y sociedad / _cJosé Carlos Castañeda Reyes. |
| 260 |
_aMéxico, D.F. : _bColegio de México, _c2011. |
||
| 300 |
_a235 p. ; _c23 cm. |
||
| 500 | _a"Centro de Estudios de Asia y Africa"--P. opp. t.p. | ||
| 504 | _aIncluye referencias bibliográficas (p. 185-225). | ||
| 505 | 0 | _aLa "rebelión por la vida": Egipto, enero de 1977 -- Hambrunas y "revolución social" en el Egipto antiguo -- Visión general del Egipto de hoy: de Nassar a Sadat y a Mubarak -- Problemas económicos y tensiones sociales: el sistema de subsidios en el Egipto contemporáneo -- De la vida política interior y exterior: gobierno y sociedad civil. | |
| 650 | 0 |
_aEgypt _xPolitics and government _y20th century. |
|
| 650 | 0 |
_aEgypt _xSocial conditions _y20th century. |
|
| 650 | 0 |
_aEgypt _xEconomic conditions _y20th century. |
|
| 650 | 4 |
_aEgipto _xPolítica y gobierno _ySiglo 20. |
|
| 650 | 4 |
_aEgipto _xCondicones Sociales _ySiglo 20. |
|
| 650 | 4 |
_aEgipto _xCondicones económicas _ySiglo 20. |
|
| 942 |
_2lcc _cbk |
||
| 946 | _arsfv | ||
| 999 |
_c28798 _d28798 |
||